000 00328nam a22001457a 4500
008 221115b ||||| |||| 00| 0 eng d
020 _a9780781724715
041 _aeng
080 _2THIRD EDITION
_a159.9
082 _a159.9 GRE
100 _a25
101 _aPSI
245 _aCHILD&ADOLESCENT
_cGREEN H W
942 _2udc
_cBK
999 _c58898
_d58898